00451nam a2200145Ia 4500008004100000100001700041245009300058245001700151260005900168260000900227300001000236650001800246650001500264856002600279170221s9999 xx 000 0 und d aIsaac Nunoo. aDeterminants of News Selection in the Ghanaian Print Media: A Study of the Daily Graphic cIsaac Nunoo. bOnline Journal of Communication and Media Technologies c2016 a6 : 3 xCommunication xMedia Arts uhttp://www.ojcmt.net/